| 000 | 00623 a2200205 4500 | ||
|---|---|---|---|
| 010 | _aENG-88778 | ||
| 020 |
_a9780070220928 _c295.00 |
||
| 035 | _aEN-72311 | ||
| 037 | _bDBAD / PUB | ||
| 082 | _a658 | ||
| 090 |
_c9349 _d9349 |
||
| 100 | 1 | _aPaul, Justin | |
| 245 | 1 |
_aBusiness environment : _cby Justin Paul _btext and cases / |
|
| 250 | _a2nd ed | ||
| 260 |
_aNew Delhi _bTata McGraw-Hill Publishing _c2008 |
||
| 300 |
_axix, 490p.: _c24cm (pbk ) |
||
| 500 | _aIncludes index | ||
| 942 |
_adpl _cEN _k658 / PAU |
||
| 999 |
_c9179 _d9179 |
||